| 000 | 01203nam a2200361 a 4500 | ||
|---|---|---|---|
| 008 | 181121e2020 sp ||||f |||| 001 0 spa d | ||
| 020 | _a9788491135449 | ||
| 041 | _aspa | ||
| 092 |
_c616 _l24 _sFAR |
||
| 100 | 1 |
_aRozman, Ciril _eDir. _9449 |
|
| 245 |
_aFarreras - Rozman. Medicina Interna. _bT.2 / _cCiril Rozman |
||
| 250 | _a19a ed. | ||
| 260 |
_aBarcelona: _bElsevier; _c2016. |
||
| 300 | _a1301-2700 p. | ||
| 500 | _aRozman, C. y Cardellach López, F. (Dirs.). (2020). Farreras - Rozman. Medicina Interna. T.2 (19a ed.). Barcelona : Elsevier. | ||
| 590 | _aCompra Noviembre 2018. Fac. de Medicina | ||
| 653 | _aNeurologia | ||
| 653 | _aPsiquiatria | ||
| 653 | _aHematologia | ||
| 653 | _aMetabolismo y Nutricion | ||
| 653 | _aEndocrinologia | ||
| 653 | _aEnfermedades infecciosas | ||
| 653 | _aInfecciones bacterianas | ||
| 653 | _aInfecciones causadas por hongos | ||
| 653 | _aInfecciones causadas por parásitos | ||
| 653 | _aInfecciones causadas por virus | ||
| 653 | _aMiscelanea | ||
| 653 | _aToxicologia clínica | ||
| 653 | _aEnfermedades causadas por agentes fisicos | ||
| 653 | _aInmunologia | ||
| 700 | 1 |
_aCardellach López, F. _eDir. _93988 |
|
| 942 |
_2ddc _cBK |
||
| 999 |
_c3151 _d3151 |
||